| 000 | 00702nam a22002057a 4500 | ||
|---|---|---|---|
| 005 | 20170818160915.0 | ||
| 010 | _aENG-119737 | ||
| 020 |
_a9789383516186 _c150.00 |
||
| 035 | _aEN-103269 | ||
| 037 | _bDBAD/PUB | ||
| 082 | _a181.49 | ||
| 245 |
_aDevotion / _ccompilation supervised by Ferdinand Wulliemier |
||
| 260 |
_aShahjahanpur _bShri Ram Chandra Mission _c2014 |
||
| 260 |
_aKolkata _bSpiritual Hierarchy Publication Trust _c2014 |
||
| 270 |
_aSpiritual Hierarchy Publication Trust _bKolkata _e700027 |
||
| 300 |
_axiv,243p. : _c23cm(Hb) _bill.(col.) |
||
| 490 | _aSahaj marg educational series volume 8 | ||
| 700 | _aWulliemier, Ferdinand | ||
| 942 |
_2ddc _cEN _h181.49 _mDEV |
||
| 999 |
_c143567 _d143567 |
||